Les chemins de L’expression CM2 /

Guardado en:
Detalles Bibliográficos
Formato: Libro
Publicado: ClassiQues Hachette. 1975
Materias:
Etiquetas: Agregar Etiqueta
Sin Etiquetas, Sea el primero en etiquetar este registro!
Thư viện lưu trữ: Mạng thư viện Đại học Đà Nẵng
LEADER 00808nam a22002411a 4500
001 000036463
003 12758
005 20221121172021.0
008 160408s1975 000
082 |a 440  |b DA-R 
245 0 |a Les chemins de L’expression CM2 /  |c R.Dascotte; M.Obadia,.. 
260 |c 1975  |b ClassiQues Hachette. 
300 |a 158tr. : ;  |c 26cm. 
653 |a Les chemins  |a CM2 
OWN |a LNN 
AVA |a UDN50  |b LNN  |c French  |d 440DA-R  |e available  |t Error 5001 Not defined in file expand_doc_bib_avail.  |f 3  |g 0  |h N  |i 0  |j PN 
999 |a From the UDN01 
AVA |a UDN50  |b LNN  |c French  |d 440DA-R  |e available  |t Error 5001 Not defined in file expand_doc_bib_avail.  |f 3  |g 0  |h N  |i 0  |j PN 
TYP |a Monograph 
980 |a Mạng thư viện Đại học Đà Nẵng